| 000 | 01208 a2200193 4500 | ||
|---|---|---|---|
| 003 | Nust | ||
| 005 | 20230316155123.0 | ||
| 010 | _a63010665 | ||
| 040 | _cNust | ||
| 082 | _a629.83,KUO | ||
| 100 | _aKuo, Benjamin C. | ||
| 245 |
_aAnalysis and synthesis of sampled-data control systems / _cBenjamin C. Kuo |
||
| 260 |
_aCanada _bPrentice-Hall, Englewood Cliffs _c1963 |
||
| 300 |
_a528 p _billus _c24 cm |
||
| 505 | _aIntroduction (Page-1), The Sampling Process (Page-18), Reconstruction of Sampled Signals (Page-39), The z- Transform Theory (Page-54), Block Diagram Signal Flow Graph and Matrix Representation of Sampled Data Systems (Page-104), Time Response of Sampled Data Control Systems (Page-143), Frequency Response of Sampled Data Systems (Page-215), Design and Compensation of Sampled Data Systems by Continuous Networks (Page-245), Design and Synthesis by Digital Controllers (Page-272), Multirate and Skip Sampling (Page-352), Statistical Analysis and Design of Sampled-Data Control Systems (Page-391), Nonlinear Sampled –Data Control Systems (Page-430). | ||
| 600 |
_aKuo, Benjamin C. _9110471 |
||
| 650 |
_aAnalysis and synthesis of sampled-data control systems _9110472 |
||
| 942 |
_2ddc _cBK |
||
| 999 |
_c183849 _d183849 |
||